Normal view
MARC view
- Spencer, Richard R
Entry Personal Name
001 - CONTROL NUMBER
- control field: 103755
003 - CONTROL NUMBER IDENTIFIER
- control field: NUST
005 - DATE AND TIME OF LATEST TRANSACTION
- control field: 20221129101135.0
008 - FIXED-LENGTH DATA ELEMENTS
- fixed length control field: 221129|| aca||aabn | a|a d
040 ## - CATALOGING SOURCE
- Original cataloging agency: NUST
- Transcribing agency: NUST
100 ## - HEADING--PERSONAL NAME
- Personal name: Spencer, Richard R
670 ## - SOURCE DATA FOUND
- Source citation: Work cat.: (NUST)181593: Spencer, Richard R., Introduction to electronic circuit design (Include CD) /, c2003.
